|
|
|
|
| LEADER |
00000nam0a2200000 4500 |
| 001 |
332998 |
| 005 |
20231102004518.0 |
| 035 |
|
|
|a (RuTPU)RU\TPU\book\358993
|
| 090 |
|
|
|a 332998
|
| 100 |
|
|
|a 20170605d1959 m y0rusy50 ca
|
| 101 |
0 |
|
|a rus
|
| 102 |
|
|
|a RU
|
| 105 |
|
|
|a a z 000zy
|
| 200 |
1 |
|
|a Об искусстве
|h Т. 1
|f К. Ф. Юон
|g сост. А. С. Галушкина
|
| 210 |
|
|
|a Москва
|c Советский художник
|d 1959
|
| 215 |
|
|
|a 383 с.
|c ил.
|
| 606 |
1 |
|
|a Искусство
|2 stltpush
|3 (RuTPU)RU\TPU\subj\13187
|9 39838
|
| 610 |
1 |
|
|a художественная культура
|
| 610 |
1 |
|
|a изобразительное искусство
|
| 610 |
1 |
|
|a живопись
|
| 610 |
1 |
|
|a художники
|
| 610 |
1 |
|
|a история
|
| 610 |
1 |
|
|a техника
|
| 610 |
1 |
|
|a композиция
|
| 610 |
1 |
|
|a художественное восприятие
|
| 610 |
1 |
|
|a художественные стили
|
| 610 |
1 |
|
|a художественная педагогика
|
| 610 |
1 |
|
|a преподавательская деятельность
|
| 610 |
1 |
|
|a философия
|
| 610 |
1 |
|
|a высказывания
|
| 610 |
1 |
|
|a эстетика
|
| 675 |
|
|
|a 7
|v 4
|
| 700 |
|
1 |
|a Юон
|b К. Ф.
|c российский живописец
|f 1875-1958
|g Константин Федорович
|2 stltpush
|3 (RuTPU)RU\TPU\pers\12364
|9 3374
|
| 702 |
|
1 |
|a Галушкина
|b А. С.
|4 220
|
| 801 |
|
1 |
|a RU
|b 63413507
|c 20170605
|
| 801 |
|
2 |
|a RU
|b 63413507
|c 20201026
|g RCR
|
| 942 |
|
|
|c BK
|